000 00616nam a22002177a 4500
003 UA-OsUOA
001 81429
007 ta
008 20120130b un ||||| |||| 00| 0 ukr d
100 _aЯручик Ю.
090 _a908
_bЯ78
942 _cSA
040 _aUA-OsUOA
_bukr
_cUA-OsUOA
_dUA-OsUOA
245 _aЖодого шансу деградації! Розмова головного редактора "Дня" зі студентами в Острозі
300 _aС.6
955 _a0
041 _aukr
080 _a908
773 0 _w81428
650 7 _a908 Краєзнавство
_2UDC
999 _c367739
_d367739